000 00388nam a2200193Ia 4500
001 12998
003 GE_BSU
008 181216s||||||||xx |||||||||||||| ||und||
040 _cGE_BSU
080 _a821.111-3
100 _aKing,Stephen.
245 _aInsomnia.
260 _aLondon.
260 _bBCA.
260 _c1994
300 _a650p;20cm.
653 _aInsomnia.
942 _cBK
999 _c46166
_d46166